| 000 | 00478nam a22001817a 4500 | ||
|---|---|---|---|
| 003 | CEME | ||
| 005 | 20210628210200.0 | ||
| 008 | 210215b xxu||||| |||| 00| 0 eng d | ||
| 020 | _a0-8247-9977-1 | ||
| 040 | _c. | ||
| 082 | _a621.822 HAN | ||
| 100 |
_aBickford, John. Sayed Nassar _978402 |
||
| 245 | _aHandbook of bolts and bolted joints | ||
| 260 |
_aNEW YORK _bMARCEL DEKKER _c1998 |
||
| 300 | _a905P | ||
| 650 |
_aBOLTED JOINTS BOLTS AND NUT _978403 |
||
| 942 |
_cBK _2ddc |
||
| 999 |
_c583529 _d583529 |
||